000 00640cam a22002411 4500
001 ne 67000950
003 DLC
005 20260227111832.0
008 890619s1966 xx 000 0 ara
010 _ane 67000950
035 _a(OCoLC)23484235
040 _aDLC
_cMiU
_dDLC
042 _apremarc
043 _aa-ye---
_af-ua---
050 0 0 _aDT82.5.Y4
_bT6
100 1 _aTobgy, Ahmed Kamal.
245 1 3 _aal-Qūwāt al-musallaḥah al-ʻArabīyah.
260 _c[1966]
300 _a95 p.
_c20 cm.
500 _aRomanized.
651 0 _aEgypt
_xForeign relations
_zYemen.
651 0 _aYemen (Republic)
_xForeign relations
_zEgypt.
999 _c49607
_d49607